| 000 | 00410nam a22001577a 4500 | ||
|---|---|---|---|
| 020 | _a81-7625-352-9 | ||
| 082 |
_a711.4 _bPRA |
||
| 100 |
_aPrasad, B.K _945226 |
||
| 245 |
_aUrban development/ _cPrasad, B.K |
||
| 250 | _a1st volume | ||
| 260 |
_aNew delhi, _bSarup & sons _c2003. |
||
| 300 |
_a269p.: _bill,; _c15 cm. |
||
| 526 |
_a0 _b0 _c0 _d711_400000000000000_PRA |
||
| 650 |
_aNCE _945227 |
||
| 942 |
_2ddc _cBK |
||
| 999 |
_c548800 _d548800 |
||